[Event "Mitropa Online Cup Women 2021"]
[Site "Hybrid"]
[Date "2021.05.04"]
[Round "7.2"]
[White "Thomas, Anysia"]
[Black "Rozman, Monika"]
[Result "1-0"]
[WhiteElo "2164"]
[BlackElo "2175"]
[Annotator "NA"]
[PlyCount "71"]
[EventDate "2021.05.04"]
[EventType "team-tourn"]
[EventCountry "NET"]
[SourceTitle "playchess.com"]
[Source "ChessBase"]
[SourceQuality "1"]
[WhiteTeam "France"]
[BlackTeam "Slovenia"]
[WhiteTeamCountry "FRA"]
[BlackTeamCountry "SLO"]
[TimeControl "40/5400+30:1800+30"]

1. d4 {[%emt 0:00:00]} d5 {[%emt 0:00:14]} 2. c4 {[%emt 0:00:12]} c6 {[%emt 0:00:05]} 3. Nf3 {[%emt 0:00:09]} Nf6 {[%emt 0:00:05]} 4. e3 {[%emt 0:00:08]} Bf5 {[%emt 0:00:14]} 5. Nc3 {[%emt 0:00:19]} e6 {[%emt 0:00:46]} 6. Nh4 {[%emt 0:00:42]} Bg6 {[%emt 0:00:46]} 7. Be2 {[%emt 0:00:17]} Be7 {[%emt 0:02:19]} 8. O-O {[%emt 0:07:48]} Nbd7 {[%emt 0:02:06]} 9. g3 {[%emt 0:00:38]} O-O {[%emt 0:03:09]} 10. Nxg6 {[%emt 0:00:28]} hxg6 {[%emt 0:00:32]} 11. b3 {[%emt 0:00:36]} Qa5 {[%emt 0:08:17]} 12. Qc2 {[%emt 0:09:02]} Rac8 {[%emt 0:16:00]} 13. Bd2 {[%emt 0:12:51]} Qd8 {[%emt 0:05:00]} 14. e4 {[%emt 0:07:35]} dxe4 {[%emt 0:03:32]} 15. Nxe4 {[%emt 0:01:25]} Nxe4 {[%emt 0:03:20]} 16. Qxe4 {[%emt 0:00:18]} Nf6 {[%emt 0:01:29]} 17. Qe3 {[%emt 0:01:27]} c5 {[%emt 0:04:40]} 18. Bc3 {[%emt 0:02:55]} b5 {[%emt 0:02:05]} 19. Rad1 {[%emt 0:08:39]} Qc7 {[%emt 0:02:57]} 20. Rfe1 {[%emt 0:23:30]} bxc4 {[%emt 0:05:47]} 21. Bxc4 {[%emt 0:01:48]} Rfe8 {[%emt 0:05:16]} 22. Qf3 {[%emt 0:03:12]} Red8 {[%emt 0:06:35]} 23. d5 {[%emt 0:06:36]} Qb7 {[%emt 0:06:53]} 24. Bxf6 {[%emt 0:04:01]} Bxf6 {[%emt 0:03:23]} 25. Qg4 {[%emt 0:04:08]} exd5 {[%emt 0:01:40]} 26. Rxd5 {[%emt 0:00:51]} Qb4 {[%emt 0:02:51]} 27. Red1 {[%emt 0:00:46]} Rf8 {[%emt 0:00:56]} 28. Rd7 {[%emt 0:00:16]} Rcd8 {[%emt 0:07:48]} 29. Bxf7+ {[%emt 0:01:00]} Rxf7 {[%emt 0:01:07]} 30. Rxd8+ {[%emt 0:00:06]} Bxd8 {[%emt 0:00:45]} 31. Rxd8+ {[%emt 0:00:08]} Rf8 {[%emt 0:00:02]} 32. Qe6+ {[%emt 0:00:32]} Kh7 {[%emt 0:00:01]} 33. Rxf8 {[%emt 0:00:17]} g5 {[%emt 0:00:02]} 34. Qf5+ {[%emt 0:00:19]} g6 {[%emt 0:00:06]} 35. Qf7+ {[%emt 0:00:09]} Kh6 {[%emt 0:00:01]} 36. Rh8# {[%emt 0:00:12]} 1-0

[Event "Mitropa Online Cup Women 2021"]
[Site "Hybrid"]
[Date "2021.05.04"]
[Round "7.2"]
[White "Hercog, Nusa"]
[Black "Afraoui, Anaelle"]
[Result "0-1"]
[WhiteElo "2088"]
[BlackElo "2106"]
[Annotator "TA"]
[PlyCount "170"]
[EventDate "2021.05.04"]
[EventType "team-tourn"]
[EventCountry "NET"]
[SourceTitle "playchess.com"]
[Source "ChessBase"]
[SourceQuality "1"]
[WhiteTeam "Slovenia"]
[BlackTeam "France"]
[WhiteTeamCountry "SLO"]
[BlackTeamCountry "FRA"]

{[%evp 10,170,42,29,61,25,44,33,33,8,7,1,5,0,0,0,0,0,0,0,0,0,0,0,0,-19,-39,-40,0,-54,-43,-51,-27,-11,-17,-43,-40,-88,-70,-89,-85,-103,-105,-101,-63,-60,-7,-172,-137,-162,-177,-172,-171,-305,-302,-334,-325,-319,-295,-299,-295,-381,-377,-428,-406,-437,-427,-422,-418,-380,-293,-304,-271,-259,-225,-342,-294,-306,-306,-306,-293,-439,-360,-326,-186,-186,-190,-185,-182,-183,-182,-231,-221,-380,-373,-388,-333,-409,-347,-347,-295,-285,-271,-247,-175,-150,-124,-158,-81,-156,-154,-187,-186,-186,-94,-237,-239,-251,-244,-218,-214,-201,-175,-237,-211,-568,-554,-580,0,0,-8,-29970,-29971,-29970,-29972,-29972,-29973,-29974,-29975,-29975,-29976,-29976,-29977,-29976,-29978,-29978,-29979,-29979,-29980,-29980,-29980,-29980,-29979,-29979,-29980,-29980,-29981,-29981,-29982,-29982,-29981,-29980,-29980]} 1. d4 Nf6 2. c4 g6 3. Nc3 d6 4. e4 Bg7 5. h3 O-O 6. Be3 Nc6 {E71: King's Indian: 4 e4 d6 5 h3.} 7. Nge2 (7. d5 $5 {[%cal Rd5c6]} Ne5 8. g4 $11) 7... e5 8. d5 $1 {[%cal Rd5c6]} Nd4 {White is slightly better.} 9. Nxd4 exd4 10. Bxd4 Nxe4 $1 11. Bxg7 Re8 {Threatens to win with ...Nxc3+.} 12. Be2 {Hoping for Nxe4.} Kxg7 13. Qd4+ Qf6 14. Qxf6+ Kxf6 15. Nxe4+ Rxe4 16. Kd2 Bf5 17. f3 Re7 18. g4 {[#]} Bd7 $146 (18... Rae8 $5 {[%cal Re7e2]} 19. Rhe1 Bd7 $15) ({Predecessor:} 18... Rae8 19. Rh2 Bd7 20. f4 h6 21. Rf1 a5 22. Bd3 Re3 23. f5 g5 24. Rg1 Rf3 {0-1 (32) Marsina,S (1910)-Zilbert,O (2208) Marianske Lazne 2016}) 19. Rhf1 (19. Bd3 $11) 19... Rae8 20. Bd3 Ke5 21. Ke3 {White threatens g5 and mate.} f5 22. Rad1 {aiming for g5.} Kf6+ 23. Kf4 g5+ 24. Kg3 h5 25. b3 Re3 26. Kg2 hxg4 27. hxg4 Rh8 (27... a5 $15) 28. a3 $2 (28. gxf5 $1 $11 {and White has nothing to worry.} Bxf5 29. Bxf5 Kxf5 30. Rfe1) 28... Rh4 $19 ({But not} 28... fxg4 29. fxg4+ Kg7 30. Bf5 $17) 29. b4 fxg4 30. fxg4+ Kg7 31. Bf5 (31. Rfe1 $142 Rxg4+ 32. Kf2) 31... Bxf5 32. Rxf5 Rxg4+ {[%mdl 4160] Endgame Double Attack. KRR-KRR} 33. Kh2 Rxc4 34. Rxg5+ Kf6 35. Rh5 Rxa3 36. Rf1+ Kg6 37. Rhf5 Rh4+ 38. Kg2 {intending Rf6+.} Rg4+ 39. Kh2 Kh7 40. Rh5+ Kg8 41. Rhf5 Rg7 ({Inferior is} 41... Rxb4 42. Rg1+ Rg3 43. Rxg3+ Rg4 44. Rxg4+ Kh8 45. Rh5#) 42. Re1 (42. R1f4 {might work better.} Kh7 43. Rh4+ Kg8 44. Rhf4) 42... a5 43. Re8+ Kh7 44. bxa5 Rxa5 45. Rh5+ Kg6 46. Reh8 Ra2+ (46... Kf7 $142 47. Rb8 b6) 47. Kg3 b5 48. Kf4 Ra4+ 49. Ke3 Rg4 50. R8h6+ Kf7 51. Rf5+ $2 (51. Rh8 {is a better defense.}) 51... Ke7 52. Rf1 Kd7 53. Rh8 R4g5 54. Kd4 Re5 55. Rf4 Re1 56. Kc3 Rd1 57. Rf5 Rc1+ 58. Kb4 Rb1+ (58... Rc5 $142 $1 59. Ka5 Ke7) 59. Kc3 ({White should play} 59. Ka5) 59... c6 $17 60. dxc6+ Kxc6 61. Rc8+ Rc7 (61... Kb7 $19 62. Rcf8 Rg4) 62. Rb8 (62. Rxc7+ $17 Kxc7 63. Rf8) 62... d5 $1 $19 63. Kc2 Rb4 64. Rd8 Rc4+ 65. Kd3 Rc5 66. Rf6+ Kb7 67. Rfd6 $2 (67. Kd4 {is tougher.}) 67... b4 68. Rxd5 Rxd5+ $2 (68... b3 $1 $19 {[%cal Rb3b2] ( -> ...b2)} 69. Rxc5 Rxc5 70. Rd7+ Kc6) 69. Rxd5 {KR-KR} Kb6 {Strongly threatening ...b3.} 70. Rd8 $2 {[%mdl 8192] White is now going downhill.} (70. Rf5 $11) 70... Kb5 {Black mates.} 71. Rb8+ {[#]} Ka4 $1 72. Ra8+ Kb3 73. Kd2 Kb2 74. Rb8 Rd7+ 75. Ke3 b3 {[%cal Bb4b3,Bb3b2][%mdl 32]} 76. Rb6 Kc2 77. Rc6+ Kb1 78. Rb6 b2 79. Rb8 Rd5 80. Ke4 Rc5 81. Kd4 Rc7 82. Rh8 Kc2 83. Rh2+ {[#]} Kb3 $1 84. Rh3+ Ka2 85. Rh2 Ka1 {Weighted Error Value: White=0.31/Black=0.21} 0-1

[Event "Mitropa Online Cup Women 2021"]
[Site "Hybrid"]
[Date "2021.05.04"]
[Round "7.3"]
[White "Trippold, Denise"]
[Black "Medic, Mirjana"]
[Result "1-0"]
[WhiteElo "2145"]
[BlackElo "2147"]
[Annotator "NA"]
[PlyCount "119"]
[EventDate "2021.05.04"]
[EventType "team-tourn"]
[EventCountry "NET"]
[SourceTitle "playchess.com"]
[Source "ChessBase"]
[SourceQuality "1"]
[WhiteTeam "Austria"]
[BlackTeam "Croatia"]
[WhiteTeamCountry "AUT"]
[BlackTeamCountry "CRO"]
[TimeControl "40/5400+30:1800+30"]

1. Nf3 {[%emt 0:00:00]} d5 {[%emt 0:00:10]} 2. c4 {[%emt 0:00:08]} e6 {[%emt 0:00:07]} 3. d4 {[%emt 0:00:14]} Nf6 {[%emt 0:00:15]} 4. e3 {[%emt 0:00:30]} b6 {[%emt 0:03:18]} 5. b3 {[%emt 0:03:24]} Bb7 {[%emt 0:00:17]} 6. Bb2 {[%emt 0:00:25]} Be7 {[%emt 0:03:02]} 7. Bd3 {[%emt 0:00:19]} O-O {[%emt 0:00:56]} 8. O-O {[%emt 0:00:36]} Nbd7 {[%emt 0:02:18]} 9. Nc3 {[%emt 0:03:39]} Ne4 {[%emt 0:05:00]} 10. cxd5 {[%emt 0:04:28]} exd5 {[%emt 0:06:13]} 11. Rc1 {[%emt 0:04:01]} c5 {[%emt 0:02:40]} 12. Qe2 {[%emt 0:03:31]} Ndf6 {[%emt 0:07:56]} 13. Rfd1 {[%emt 0:05:05]} Rc8 {[%emt 0:12:23]} 14. Bb1 {[%emt 0:07:38]} Qc7 {[%emt 0:06:25]} 15. Ne5 {[%emt 0:21:58]} Rfd8 {[%emt 0:04:28]} 16. Na4 {[%emt 0:04:58]} Qb8 {[%emt 0:04:07]} 17. f3 {[%emt 0:10:35]} Ng5 {[%emt 0:00:35]} 18. Bf5 {[%emt 0:00:10]} Ne6 {[%emt 0:00:24]} 19. g3 {[%emt 0:18:10]} Bd6 {[%emt 0:02:30]} 20. f4 {[%emt 0:00:48]} Rc7 {[%emt 0:02:43]} 21. Ng4 {[%emt 0:02:37]} Ne4 {[%emt 0:09:38]} 22. Bxe4 {[%emt 0:04:23]} dxe4 {[%emt 0:00:09]} 23. d5 {[%emt 0:00:03]} Nf8 {[%emt 0:01:40]} 24. Nc3 {[%emt 0:00:06]} f5 {[%emt 0:03:19]} 25. Ne5 {[%emt 0:01:39]} a6 {[%emt 0:00:46]} 26. a4 {[%emt 0:02:09]} Qc8 {[%emt 0:02:44]} 27. Nc4 {[%emt 0:00:12]} Re7 {[%emt 0:05:19]} 28. Nxb6 {[%emt 0:00:18]} Qc7 {[%emt 0:00:31]} 29. a5 {[%emt 0:00:33]} Nd7 {[%emt 0:01:50]} 30. Nxd7 {[%emt 0:01:01]} Rexd7 {[%emt 0:00:50]} 31. g4 {[%emt 0:00:19]} Rf7 {[%emt 0:01:52]} 32. Kh1 {[%emt 0:01:19]} Bc8 {[%emt 0:01:33]} 33. gxf5 {[%emt 0:00:20]} Bxf5 {[%emt 0:00:09]} 34. Rg1 {[%emt 0:00:38]} Qxa5 {[%emt 0:01:13]} 35. Qc4 {[%emt 0:00:21]} Qb4 {[%emt 0:01:20]} 36. Ra1 {[%emt 0:00:43]} a5 {[%emt 0:00:36]} 37. Ra4 {[%emt 0:00:14]} Qxc4 {[%emt 0:00:08]} 38. bxc4 {[%emt 0:00:26]} Bc7 {[%emt 0:01:03]} 39. Ra2 {[%emt 0:00:51]} h5 {[%emt 0:02:41]} 40. Nb5 {[%emt 0:00:00]} Bb6 {[%emt 0:00:00]} 41. Be5 {[%emt 0:11:13]} Bg4 {[%emt 0:02:45]} 42. Rg3 {[%emt 0:05:42]} Ra8 {[%emt 0:01:11]} 43. Nd6 {[%emt 0:01:34]} Rfa7 {[%emt 0:02:01]} 44. Nxe4 {[%emt 0:00:47]} a4 {[%emt 0:00:23]} 45. Nf2 {[%emt 0:02:52]} Bc8 {[%emt 0:01:05]} 46. e4 {[%emt 0:02:10]} a3 {[%emt 0:01:03]} 47. Rg6 {[%emt 0:03:18]} Bd8 {[%emt 0:00:46]} 48. f5 {[%emt 0:01:08]} Kh7 {[%emt 0:01:18]} 49. Nd3 {[%emt 0:00:27]} Ba6 {[%emt 0:00:20]} 50. Rxa3 {[%emt 0:02:45]} Bxc4 {[%emt 0:00:12]} 51. Rxa7 {[%emt 0:00:03]} Rxa7 {[%emt 0:00:06]} 52. Nxc5 {[%emt 0:00:20]} Be2 {[%emt 0:01:39]} 53. Kg2 {[%emt 0:01:30]} Bd1 {[%emt 0:02:48]} 54. Ne6 {[%emt 0:02:43]} Ra2+ {[%emt 0:01:32]} 55. Kg1 {[%emt 0:01:35]} Bb6+ {[%emt 0:00:13]} 56. Bd4 {[%emt 0:00:04]} Bxd4+ {[%emt 0:00:23]} 57. Nxd4 {[%emt 0:00:02]} Ra4 {[%emt 0:00:17]} 58. Ne6 {[%emt 0:00:07]} Bc2 {[%emt 0:01:05]} 59. d6 {[%emt 0:00:36]} Ra1+ {[%emt 0:01:57]} 60. Kf2 {[%emt 0:00:04]} 1-0

[Event "Mitropa Online Cup Women 2021"]
[Site "Hybrid"]
[Date "2021.05.04"]
[Round "7.3"]
[White "Vujnovic, Patricija"]
[Black "Froewis, Annika"]
[Result "1-0"]
[WhiteElo "2129"]
[BlackElo "2143"]
[Annotator "NA"]
[PlyCount "61"]
[EventDate "2021.05.04"]
[EventType "team-tourn"]
[EventCountry "NET"]
[SourceTitle "playchess.com"]
[Source "ChessBase"]
[SourceQuality "1"]
[WhiteTeam "Croatia"]
[BlackTeam "Austria"]
[WhiteTeamCountry "CRO"]
[BlackTeamCountry "AUT"]
[TimeControl "40/5400+30:1800+30"]

1. d4 {[%emt 0:00:00]} d5 {[%emt 0:00:07]} 2. c4 {[%emt 0:00:06]} e6 {[%emt 0:00:06]} 3. Nc3 {[%emt 0:00:06]} Nf6 {[%emt 0:00:05]} 4. cxd5 {[%emt 0:00:09]} exd5 {[%emt 0:00:03]} 5. Bg5 {[%emt 0:00:07]} Be7 {[%emt 0:00:12]} 6. e3 {[%emt 0:00:10]} c6 {[%emt 0:00:27]} 7. Bd3 {[%emt 0:00:18]} Nbd7 {[%emt 0:00:15]} 8. Nge2 {[%emt 0:00:27]} h6 {[%emt 0:00:18]} 9. Bh4 {[%emt 0:01:41]} O-O {[%emt 0:01:02]} 10. f3 {[%emt 0:01:57]} c5 {[%emt 0:06:29]} 11. O-O {[%emt 0:04:34]} a6 {[%emt 0:01:38]} 12. dxc5 {[%emt 0:01:01]} Nxc5 {[%emt 0:05:14]} 13. Bf2 {[%emt 0:01:32]} Nxd3 {[%emt 0:07:36]} 14. Qxd3 {[%emt 0:00:06]} Be6 {[%emt 0:01:47]} 15. Rfd1 {[%emt 0:02:40]} Qd7 {[%emt 0:01:31]} 16. Nf4 {[%emt 0:01:42]} Rfd8 {[%emt 0:01:10]} 17. Rd2 {[%emt 0:03:47]} Rac8 {[%emt 0:02:57]} 18. a3 {[%emt 0:09:50]} Rc6 {[%emt 0:16:23]} 19. Qe2 {[%emt 0:08:13]} Bd6 {[%emt 0:07:54]} 20. Rad1 {[%emt 0:04:32]} Bxf4 {[%emt 0:09:39]} 21. exf4 {[%emt 0:00:32]} Qc7 {[%emt 0:00:31]} 22. Rd4 {[%emt 0:06:40]} Nh5 {[%emt 0:14:55]} 23. f5 {[%emt 0:08:19]} Rxc3 {[%emt 0:07:09]} 24. bxc3 {[%emt 0:02:00]} Bd7 {[%emt 0:01:06]} 25. Qd2 {[%emt 0:03:06]} Nf6 {[%emt 0:02:51]} 26. Bh4 {[%emt 0:01:22]} Bxf5 {[%emt 0:04:54]} 27. Bxf6 {[%emt 0:01:21]} gxf6 {[%emt 0:00:11]} 28. Qxh6 {[%emt 0:00:38]} Qb6 {[%emt 0:01:09]} 29. Kh1 {[%emt 0:01:40]} Re8 {[%emt 0:02:45]} 30. Rh4 {[%emt 0:02:08]} Qe3 {[%emt 0:00:07]} 31. Qh8# {[%emt 0:00:11]} 1-0

[Event "Mitropa Online Cup Women 2021"]
[Site "Hybrid"]
[Date "2021.05.04"]
[Round "7.3"]
[White "Mayrhuber, Nikola"]
[Black "Spiranec, Noemi"]
[Result "1-0"]
[WhiteElo "2040"]
[BlackElo "2098"]
[Annotator "NA"]
[PlyCount "69"]
[EventDate "2021.05.04"]
[EventType "team-tourn"]
[EventCountry "NET"]
[SourceTitle "playchess.com"]
[Source "ChessBase"]
[SourceQuality "1"]
[WhiteTeam "AUT"]
[BlackTeam "CRO"]
[BlackTeamCountry "CRO"]
[TimeControl "40/5400+30:1800+30"]

1. d4 {[%emt 0:00:00]} Nf6 {[%emt 0:00:11]} 2. c4 {[%emt 0:00:07]} e6 {[%emt 0:00:14]} 3. Nc3 {[%emt 0:00:09]} Bb4 {[%emt 0:00:17]} 4. Bd2 {[%emt 0:00:25]} O-O {[%emt 0:00:22]} 5. Nf3 {[%emt 0:00:16]} d5 {[%emt 0:00:16]} 6. e3 {[%emt 0:00:24]} Nbd7 {[%emt 0:01:20]} 7. Bd3 {[%emt 0:05:17]} c6 {[%emt 0:00:24]} 8. O-O {[%emt 0:02:34]} Qe7 {[%emt 0:00:40]} 9. a3 {[%emt 0:02:11]} Bd6 {[%emt 0:00:20]} 10. e4 {[%emt 0:13:01]} dxe4 {[%emt 0:08:08]} 11. Nxe4 {[%emt 0:00:22]} Nxe4 {[%emt 0:00:05]} 12. Bxe4 {[%emt 0:00:08]} f5 {[%emt 0:05:37]} 13. Bc2 {[%emt 0:04:46]} c5 {[%emt 0:06:31]} 14. Re1 {[%emt 0:02:36]} cxd4 {[%emt 0:04:50]} 15. Nxd4 {[%emt 0:00:43]} Bxh2+ {[%emt 0:05:31]} 16. Kxh2 {[%emt 0:09:44]} Qh4+ {[%emt 0:00:11]} 17. Kg1 {[%emt 0:00:06]} Qxd4 {[%emt 0:00:09]} 18. Bb4 {[%emt 0:13:00]} Qxd1 {[%emt 0:26:08]} 19. Raxd1 {[%emt 0:00:06]} Rf6 {[%emt 0:00:14]} 20. Bc3 {[%emt 0:00:57]} Rg6 {[%emt 0:04:47]} 21. Bxf5 {[%emt 0:04:32]} exf5 {[%emt 0:05:38]} 22. Re8+ {[%emt 0:00:14]} Kf7 {[%emt 0:00:05]} 23. Rde1 {[%emt 0:00:26]} Rf6 {[%emt 0:00:54]} 24. R1e7+ {[%emt 0:06:29]} Kg6 {[%emt 0:00:05]} 25. Rg8 {[%emt 0:10:53]} Rf7 {[%emt 0:01:34]} 26. Rxg7+ {[%emt 0:00:11]} Rxg7 {[%emt 0:00:21]} 27. Rxg7+ {[%emt 0:00:08]} Kh6 {[%emt 0:00:49]} 28. Rg8 {[%emt 0:02:49]} Nb6 {[%emt 0:11:12]} 29. Kh2 {[%emt 0:06:08]} Be6 {[%emt 0:05:11]} 30. Bd2+ {[%emt 0:00:16]} Kh5 {[%emt 0:00:05]} 31. Rg5+ {[%emt 0:00:06]} Kh6 {[%emt 0:00:18]} 32. g4 {[%emt 0:10:10]} fxg4 {[%emt 0:02:50]} 33. Rxg4+ {[%emt 0:00:05]} Kh5 {[%emt 0:00:10]} 34. Rg5+ {[%emt 0:00:05]} Kh4 {[%emt 0:00:47]} 35. f4 {[%emt 0:00:55]} 1-0

[Event "Mitropa Online Cup Women 2021"]
[Site "Hybrid"]
[Date "2021.05.04"]
[Round "7.4"]
[White "Terbe, Julianna"]
[Black "Hakimifard, Ghazal"]
[Result "1/2-1/2"]
[WhiteElo "2267"]
[BlackElo "2265"]
[Annotator "NA"]
[PlyCount "161"]
[EventDate "2021.05.04"]
[EventType "team-tourn"]
[EventCountry "NET"]
[SourceTitle "playchess.com"]
[Source "ChessBase"]
[SourceQuality "1"]
[WhiteTeam "Hungary"]
[BlackTeam "Switzerland"]
[WhiteTeamCountry "HUN"]
[BlackTeamCountry "SUI"]
[TimeControl "40/5400+30:1800+30"]

1. d4 {[%emt 0:00:00]} Nf6 {[%emt 0:00:05]} 2. Nf3 {[%emt 0:00:06]} e6 {[%emt 0:00:10]} 3. Bf4 {[%emt 0:00:08]} b6 {[%emt 0:00:12]} 4. e3 {[%emt 0:00:07]} Bb7 {[%emt 0:00:06]} 5. h3 {[%emt 0:00:05]} Be7 {[%emt 0:00:12]} 6. Nbd2 {[%emt 0:00:05]} c5 {[%emt 0:00:06]} 7. Bd3 {[%emt 0:00:15]} O-O {[%emt 0:01:20]} 8. O-O {[%emt 0:00:07]} d6 {[%emt 0:00:15]} 9. Bh2 {[%emt 0:03:06]} cxd4 {[%emt 0:01:46]} 10. exd4 {[%emt 0:00:06]} Nbd7 {[%emt 0:02:23]} 11. a4 {[%emt 0:00:42]} a6 {[%emt 0:01:25]} 12. Re1 {[%emt 0:00:08]} Re8 {[%emt 0:00:56]} 13. c3 {[%emt 0:00:07]} Qc7 {[%emt 0:02:13]} 14. Qe2 {[%emt 0:01:34]} Nf8 {[%emt 0:00:33]} 15. Nc4 {[%emt 0:02:06]} Nd5 {[%emt 0:03:30]} 16. Ne3 {[%emt 0:01:08]} Qc6 {[%emt 0:06:43]} 17. Nd2 {[%emt 0:20:48]} Nf6 {[%emt 0:05:09]} 18. Ndc4 {[%emt 0:05:49]} Ng6 {[%emt 0:04:36]} 19. a5 {[%emt 0:04:09]} b5 {[%emt 0:04:21]} 20. Nb6 {[%emt 0:01:30]} Ra7 {[%emt 0:02:32]} 21. Rec1 {[%emt 0:08:20]} e5 {[%emt 0:14:42]} 22. c4 {[%emt 0:11:59]} b4 {[%emt 0:00:47]} 23. d5 {[%emt 0:04:28]} Qc5 {[%emt 0:03:47]} 24. Qe1 {[%emt 0:01:17]} Bd8 {[%emt 0:04:37]} 25. Na4 {[%emt 0:03:47]} Qxa5 {[%emt 0:06:43]} 26. c5 {[%emt 0:00:16]} b3 {[%emt 0:01:00]} 27. Qxa5 {[%emt 0:08:50]} Bxa5 {[%emt 0:00:05]} 28. Nc4 {[%emt 0:00:05]} Bc7 {[%emt 0:02:59]} 29. cxd6 {[%emt 0:06:07]} Bb8 {[%emt 0:01:38]} 30. Nab6 {[%emt 0:01:57]} Nxd5 {[%emt 0:03:10]} 31. d7 {[%emt 0:06:41]} Rd8 {[%emt 0:00:21]} 32. Bxg6 {[%emt 0:00:14]} hxg6 {[%emt 0:01:03]} 33. Nxd5 {[%emt 0:00:05]} Bxd5 {[%emt 0:00:28]} 34. Nb6 {[%emt 0:00:05]} Be6 {[%emt 0:00:58]} 35. Rc8 {[%emt 0:04:55]} Bc7 {[%emt 0:06:40]} 36. Na8 {[%emt 0:01:13]} Rxa8 {[%emt 0:05:01]} 37. Rxc7 {[%emt 0:00:07]} f6 {[%emt 0:06:12]} 38. f4 {[%emt 0:02:17]} e4 {[%emt 0:01:47]} 39. Rd1 {[%emt 0:00:24]} Kf7 {[%emt 0:00:13]} 40. Bg3 {[%emt 0:00:00]} Ke7 {[%emt 0:00:00]} 41. Rb7 {[%emt 0:09:50]} a5 {[%emt 0:03:29]} 42. Bf2 {[%emt 0:02:58]} Rxd7 {[%emt 0:04:11]} 43. Bc5+ {[%emt 0:00:26]} Ke8 {[%emt 0:00:04]} 44. Rdxd7 {[%emt 0:00:09]} Bxd7 {[%emt 0:00:40]} 45. Rxb3 {[%emt 0:00:07]} a4 {[%emt 0:01:02]} 46. Rb4 {[%emt 0:03:09]} Bc6 {[%emt 0:01:13]} 47. Kf2 {[%emt 0:01:04]} Ra5 {[%emt 0:03:40]} 48. Rb8+ {[%emt 0:02:08]} Kf7 {[%emt 0:01:00]} 49. Bb4 {[%emt 0:04:22]} Ra7 {[%emt 0:03:17]} 50. Rb6 {[%emt 0:02:17]} Bd5 {[%emt 0:00:12]} 51. Ke3 {[%emt 0:02:03]} Rc7 {[%emt 0:02:17]} 52. Rd6 {[%emt 0:01:28]} Bc6 {[%emt 0:06:57]} 53. Ba5 {[%emt 0:01:22]} Rc8 {[%emt 0:00:42]} 54. Rd8 {[%emt 0:00:23]} Rxd8 {[%emt 0:00:21]} 55. Bxd8 {[%emt 0:00:16]} Ke6 {[%emt 0:00:18]} 56. g3 {[%emt 0:02:56]} Kd5 {[%emt 0:03:22]} 57. Bb6 {[%emt 0:02:36]} Bb5 {[%emt 0:01:21]} 58. Kf2 {[%emt 0:02:22]} Kc4 {[%emt 0:01:15]} 59. Ke3 {[%emt 0:00:08]} Kd5 {[%emt 0:00:20]} 60. Kf2 {[%emt 0:00:05]} Bd7 {[%emt 0:00:38]} 61. g4 {[%emt 0:01:31]} Kc4 {[%emt 0:02:14]} 62. Ke3 {[%emt 0:00:45]} Kd5 {[%emt 0:00:04]} 63. Bd4 {[%emt 0:00:37]} Bc8 {[%emt 0:00:48]} 64. g5 {[%emt 0:00:34]} fxg5 {[%emt 0:02:40]} 65. fxg5 {[%emt 0:00:06]} Bxh3 {[%emt 0:00:05]} 66. Bxg7 {[%emt 0:00:07]} Bg2 {[%emt 0:00:17]} 67. Bf6 {[%emt 0:00:16]} Kc4 {[%emt 0:00:21]} 68. Be5 {[%emt 0:00:29]} Kd5 {[%emt 0:00:34]} 69. Bf6 {[%emt 0:00:04]} Bf3 {[%emt 0:00:09]} 70. Bg7 {[%emt 0:00:14]} Kd6 {[%emt 0:00:19]} 71. Kf4 {[%emt 0:00:16]} Ke6 {[%emt 0:00:29]} 72. Bf6 {[%emt 0:00:07]} Bh1 {[%emt 0:00:11]} 73. Bg7 {[%emt 0:00:12]} Kd5 {[%emt 0:00:12]} 74. Ke3 {[%emt 0:00:06]} Kc4 {[%emt 0:00:10]} 75. Bf6 {[%emt 0:00:07]} Kb3 {[%emt 0:00:17]} 76. Bg7 {[%emt 0:00:08]} Kc2 {[%emt 0:00:20]} 77. Bf6 {[%emt 0:00:04]} Kd1 {[%emt 0:00:07]} 78. Bc3 {[%emt 0:00:13]} Kc2 {[%emt 0:00:06]} 79. Bf6 {[%emt 0:00:02]} Kd1 {[%emt 0:00:04]} 80. Bc3 {[%emt 0:00:03]} Kc2 {[%emt 0:00:05]} 81. Bf6 {[%emt 0:00:03]} 1/2-1/2

[Event "Mitropa Online Cup Women 2021"]
[Site "Hybrid"]
[Date "2021.05.04"]
[Round "7.4"]
[White "Karacsonyi, Kata"]
[Black "Thode, Gilda"]
[Result "1-0"]
[WhiteElo "2138"]
[BlackElo "1987"]
[Annotator "NA"]
[PlyCount "45"]
[EventDate "2021.05.04"]
[EventType "team-tourn"]
[EventCountry "NET"]
[SourceTitle "playchess.com"]
[Source "ChessBase"]
[SourceQuality "1"]
[WhiteTeam "Hungary"]
[BlackTeam "Switzerland"]
[WhiteTeamCountry "HUN"]
[BlackTeamCountry "SUI"]
[TimeControl "40/5400+30:1800+30"]

1. e4 {[%emt 0:00:00]} e6 {[%emt 0:00:23]} 2. d4 {[%emt 0:00:07]} d5 {[%emt 0:00:11]} 3. Nd2 {[%emt 0:00:05]} Nf6 {[%emt 0:00:10]} 4. e5 {[%emt 0:00:07]} Nfd7 {[%emt 0:00:08]} 5. f4 {[%emt 0:00:06]} c5 {[%emt 0:00:21]} 6. c3 {[%emt 0:00:12]} Nc6 {[%emt 0:00:28]} 7. Ndf3 {[%emt 0:00:08]} cxd4 {[%emt 0:06:16]} 8. cxd4 {[%emt 0:00:10]} Be7 {[%emt 0:05:32]} 9. Bd3 {[%emt 0:04:14]} Qb6 {[%emt 0:04:02]} 10. Ne2 {[%emt 0:03:20]} O-O {[%emt 0:00:48]} 11. a3 {[%emt 0:01:38]} a5 {[%emt 0:04:32]} 12. h4 {[%emt 0:09:23]} f6 {[%emt 0:18:34]} 13. Qc2 {[%emt 0:28:17]} f5 {[%emt 0:33:07]} 14. g4 {[%emt 0:02:33]} g6 {[%emt 0:16:45]} 15. h5 {[%emt 0:09:33]} fxg4 {[%emt 0:05:23]} 16. Nh2 {[%emt 0:14:31]} Nxd4 {[%emt 0:00:45]} 17. Nxd4 {[%emt 0:00:25]} Qxd4 {[%emt 0:00:30]} 18. Nxg4 {[%emt 0:01:52]} gxh5 {[%emt 0:00:32]} 19. Be3 {[%emt 0:00:38]} Bb4+ {[%emt 0:00:29]} 20. Ke2 {[%emt 0:00:39]} Qxd3+ {[%emt 0:00:30]} 21. Qxd3 {[%emt 0:00:14]} b6 {[%emt 0:00:14]} 22. Nh6+ {[%emt 0:00:47]} Kh8 {[%emt 0:00:30]} 23. axb4 {[%emt 0:00:18]} 1-0